Guess The Ariana Grande Song by First Lyrics: Dangerous Woman - Statistics

General Stats
  • This quiz has been taken 392 times
  • The average score is 12 of 18
Answer Stats
Hint Answer % Correct
"I'm so ___ __, I can barely breathe..." Into You
89%
"I been here all night..." Side To Side
85%
"I just broke up with my ex..." Let Me Love You
83%
"Oh yeah, don't need permission..." Dangerous Woman
82%
"The sun is setting and you're right here by my side..." Moonlight
82%
"How do I make the phone ring..." Touch It
80%
"Midnight shadows..." Be Alright
78%
"Dangerous love..." Leave Me Lonely
76%
"Anytime I'm alone, I can't help thinking about you..." Everyday
72%
"I've been _____ ____ ___..." Thinking Bout You
63%
"_____, ooh, you know that I'm _____ for you..." Greedy
62%
"I've never been so caught up..." Sometimes
61%
"Say you could turn me on..." Knew Better
59%
"Never been with a boy more than six months..." Forever Boy
58%
"Boy, you know that you drive me crazy..." Bad Decisions
56%
"Hey, I know what I came to do..." Focus
56%
"Used to cry 'bout some crazy sh*t before..." I Don't Care
54%
"Hey, hey, oh, ____ __ __ to this..." Step On Up
49%
"Yeah, you really tried..." Jason's Song (Gave It Away)
42%
No matching quizzes found
Score Distribution
Percent of People with Each Score
Percentile by Number Answered
Your Score History
You have not taken this quiz